Contratos
Saved in:
| Other Authors: | |
|---|---|
| Format: | Book |
| Language: | Spanish |
| Published: |
Santiago, Chile:
Jurídica de Chile,
1991.
|
| Subjects: | |
| Tags: |
Add Tag
No Tags, Be the first to tag this record!
|
MARC
| LEADER | 00000nam a2200000 a 4500 | ||
|---|---|---|---|
| 001 | UCV2350 | ||
| 003 | CL-VaPUC | ||
| 005 | 20220822114320.0 | ||
| 008 | 920610e19910000CL |||||||||||||||||spa|d | ||
| 999 | |c 209957 |d 209955 | ||
| 040 | |c Pontificia Universidad Católica de Valparaíso | ||
| 082 | 0 | 4 | |a 346.02 CON 1991 |2 21 |
| 245 | 1 | 0 | |a Contratos |
| 260 | |a Santiago, Chile: |b Jurídica de Chile, |c 1991. | ||
| 300 | |a 267 páginas | ||
| 500 | |a c.2 Donación Familia Prof. Alejandro Guzmán Brito. | ||
| 583 | |a last modification |c 19920610 00:00:00 |k Rodrigo Vera | ||
| 650 | 0 | |a Contratos |9 255153 | |
| 650 | 0 | |a Derecho civil |9 255013 | |
| 700 | |e coordinador |9 871986 |a Barros Bourie, Enrique | ||
| 942 | |c BK |2 ddc |n 0 | ||
| 945 | |d 19920610 00:00:00 | ||
| 952 | |0 0 |1 0 |4 0 |6 346_020000000000000_CON_1991 |7 0 |8 A |9 185861 |a BIBDER |b BIBDER |d 2019-11-14 |i 2533243 |l 2 |m 3 |o 346.02 CON 1991 |p 2533243 |q 2025-12-31 |r 2023-07-03 |s 2023-07-03 |w 2019-11-14 |y BK |k DER | ||
| 952 | |0 0 |1 0 |2 ddc |4 0 |6 346_020000000000000_CON_1991 |7 1 |8 C_AGB |9 584289 |a BIBDER |b BIBDER |d 2022-07-01 |e Donación |i 5652423 |o 346.02 CON 1991 |p 5652423 |r 2023-01-25 |t 2 |w 2022-07-01 |y BK_US |k AGB | ||